000 00591cam a22002053a 4500
001 45531
003 PGUSA
005 20140828084043.0
008 140429s2014||||xxu|||||s|||||000 | eng d
040 _aPGUSA
_beng
042 _adc
100 1 _aButler, Robert
245 1 0 _aNarrative of the Life and Travels of Serjeant B——
_h[electronic resource] /
_cRobert Butler
260 _bProject Gutenberg,
_c2014
506 _aPublic domain in the USA.
516 _aElectronic text
830 0 _aProject Gutenberg
_v45531
856 4 0 _uhttp://www.gutenberg.org/ebooks/45531
942 _cEB
999 _c274782
_d274782